01828cam a2200433uc 450000100060000000300100000600500170001600700030003300800410003602000180007702000180009504000350011304100130014804300120016108400060017310000360017924501070021525000530032225000220037526400550039730000550045233600270050733700330053433800280056749000220059550001460061750001020076350002070086552100610107253400210113365000500115465000290120465000250123365000290125865000380128765000260132565500140135170000290136558069CO-BoRNBP20250814223653.0ta210825r20052017sp a br 001 1 spa d a9788489804982 a9789581414499 aCO-BoRNBPbspaerdacCO-BoRNBP1 aspaheng ae-gx--- aA aSchèossow, Peter,d1953-eaut11a¿Cómo es posible? :bla historia de Elvis /cPeter Schössow ; traducción de Eduardo Martínez. aEdición especial para El Ministerio de Cultura aSegunda edición 1aSanta Marta de Tormes :bLóguez Ediciones,c2017 a40 páginas sin numerar :bilustraciones a color, atextobtxt2rdacontent asin mediaciónbn2rdamedia avolumenbnc2rdacarrier0 aLeer es mi cuento aColección para la Primera Infancia del Ministerio de Cultura, Plan Nacional de Lectura y Escritura Leer es mi cuento, Primera Infancia 2015 aEl material correspondiente a la dotación PNLB 2022, corresponde a la segunda edición de 2017 aPara el año 2015 se hizo una edición especial para el "Plan Nacional de Lectura y Escritura Leer es mi Cuento / Ministerio de Cultura" con el mismo ISBN 9788489804982 de la edición y reimpresión aRecomendado para un público infantil mayor de 6 años tGehört das so?04aÁlbumes infantiles alemanesysiglo xx2LEMB07aCantantesválbum2lemb07aDolorválbum2lemb07aEmocionesválbum2LEMB04aLiteratura infantil alemana2LEMB07aMuerteválbum2lemb aÁlbumes aMartínez, Eduardoetrl